000 02303ncm0a22004451 4500
001 RU\NLR\ONIZ\219451
005 20250626085115.0
021 _aRU
_b11-3
_911-341
035 _aRU\NLR\ONIZ\natafirs\5000001989\20170830123626
035 _a(NLR Aleph) 011535031
071 2 0 _aМ. 18636 Г.
090 _a12164724
_c12164724
100 _a20170830d1946 |||y0rusy50 ca
101 0 _arus
102 _aRU
125 _azy
128 _asg
145 0 _ac
200 1 _aПора в путь-дорогу
_bНоты
_e"Дождливым вечером..."
_eиз кф. "Небесный тихоход"
_e[для голоса без сопровожд.]
_fмуз. Вас. Седого
_gсл. С. Фогельсон
210 _aМосква
_aЛенинград
_cМузгиз
_d1946
215 _a2 с.
_cил.
_d21 см
313 _aСистематизация документа проведена по изданию - Методика классифицирования музыкальных произведений (нотных изданий) по таблицам Библиотечно-библиографических классификаций : метод. рекомендации / Гос. б-ка СССР им. В.И. Ленина.- М., 1977. Индексу ББК методических рекомендаций присваивается код ББК для научных библиотек - LBC/SL
500 0 0 _aНебесный тихоход
_bкинофильм
606 1 _aСоветская музыка
_yСССР
_z20 в.
_jНоты
_2nlr_sh
606 1 _aМузыка из кинофильмов СССР
_jНоты
_2nlr_sh
686 _aЩ943.4-0-041.5(2Р)
_vLBC/SL
_2rubbk
686 _aЩ943.4-0-07(2Р)
_vLBC/SL
_2rubbk
686 _aЩ977(2Р)
_vLBC/SL
_2rubbk
700 1 _9z04790
_aСоловьев-Седой
_bВ.П.
_f1907-1979
_gВасилий Павлович
_4230
_7ca
701 1 _9z05790
_aФогельсон
_bС.
_4520
790 1 _9z04700
_aSedoj
_bV. P.
_gVasilij Pavlovich
_4230
790 1 _9z05701
_aVogelon
_bS.
_4520
801 0 _aRU
_bNLR
_c20170830
_gPSBO
801 1 _aRU
_bNLR
_c20170830
_2rusmarc
801 2 _aRU
_bNLR
_c20170830
852 _aNLR
_bМ
_jК-2/4453
_p281361
_t1
942 _cSCORE
980 _aNB
980 _aONIZ